Tilastot visalle Maailman valuutat

Klikkaa tästä pelataksesi tätä visaa!

Yleistilastot

  • Tätä visaa on pelattu 761 kertaa
  • Keskiarvotulos 16 / 75

Vastaustilastot

ValtioValuutta% Oikein
24 valtiotaEuro
100%
Yhdysvallat, Kanada, Australia, monia muita...Dollari
96%
Ruotsi, Tanska, Norja, IslantiKruunu
89%
Yhdistynyt kuningaskunta, Egypti, Libanon, Sudan, SyyriaPunta
79%
Valko-Venäjä, VenäjäRupla
76%
JapaniJeni
75%
Meksiko, Argentiina, Chile, Filippiinit, muita...Peso
64%
Bosnia ja HertsegovinaMarkka
51%
TurkkiLiira
48%
PuolaZłoty
46%
Sveitsi, monta Afrikan maata...Frangi
44%
Intia, Pakistan, Sri Lanka, Indonesia, muita...Rupia
37%
ThaimaaBaht
33%
TšekkiKoruna
32%
Algeria, Irak, Serbia, Tunisia, muita...Dinaari
31%
KiinaJuan
30%
Iran, Jemen, Oman, Qatar, Saudi-ArabiaRial
26%
UnkariForintti
25%
Etelä-Korea, Pohjois-KoreaWon
25%
BulgariaLeva
24%
BrasiliaReal
24%
Kenia, Somalia, Tansania, UgandaŠillinki
24%
IsraelSekeli
22%
VenezuelaBolívar
18%
Moldova, RomaniaLeu
18%
Marokko, Yhdistyneet arabiemiirikunnatDirhami
17%
UkrainaHryvnia
16%
Kap VerdeEscudo
15%
AlbaniaLek
15%
Etelä-AfrikkaRandi
15%
AfganistanAfgaani
13%
Pohjois-MakedoniaDenaari
13%
VietnamDong
13%
ArmeniaDram
12%
PeruSol
12%
Kirgisia, UzbekistanSom
12%
Azerbaidžan, TurkmenistanManat
11%
MalesiaRinggit
11%
BoliviaBoliviano
10%
Costa RicaColón
10%
GeorgiaLari
10%
HondurasLempira
10%
Sierra LeoneLeone
10%
BotswanaPula
10%
KambodžaRiel
10%
BangladeshTaka
10%
SamoaTala
10%
MongoliaTugrik
10%
VanuatuVatu
10%
PanamaBalboa
9%
EtiopiaBirr
9%
GhanaCedi
9%
GambiaDalasi
9%
HaitiGourde
9%
Papua-Uusi-GuineaKina
9%
LaosKip
9%
Malawi, SambiaKwacha
9%
AngolaKwanza
9%
LesothoLoti
9%
NigeriaNaira
9%
EritreaNakfa
9%
TongaPaʻanga
9%
GuatemalaQuetzal
9%
TadžikistanSomoni
9%
KazakstanTenge
9%
MadagaskarAriary
8%
NicaraguaCórdoba
8%
São Tomé ja PríncipeDobra
8%
ParaguayGuaraní
8%
MyanmarKyat
8%
SwazimaaLilangeni
8%
MosambikMetical
8%
BhutanNgultrum
8%
MauritaniaOuguiya
7%
MalediivitRufiyaa
7%

Tulosjakauma

Persentiili vastausten määrän mukaan

Jokaisen tuloksen saaneiden osuus

Tuloshistoriasi

Et ole pelannut tätä visaa